| 000 | 01268cam a2200301 a 4500 | ||
|---|---|---|---|
| 001 | 11829515 | ||
| 003 | NUST-PNEC | ||
| 005 | 20170116180658.0 | ||
| 008 | 991101s1999 flua b 001 0 eng | ||
| 010 | _a 99462632 | ||
| 020 | _a157444266X | ||
| 040 |
_aDLC _cPNEC _dDLC |
||
| 050 | 0 | 0 |
_aHD62.15 _b.R67 1999 |
| 082 | 0 | 0 | _a658.562 ROS |
| 100 | 1 | _aRoss, Joel E. | |
| 245 | 1 | 0 |
_aTotal quality management : _btext, cases, and readings / _cJoel E. Ross ; with contributions by Susan Perry. |
| 250 | _a3rd ed. | ||
| 260 |
_aBoca Raton, Fla. : _bSt. Lucie Press, _c1999. |
||
| 300 |
_axv, 550 p. : _bill. ; _c23 cm. |
||
| 500 | _ahttp://www.amazon.com/Total-Quality-Management-Readings-Edition/dp/157444266X/ref=sr_1_1?ie=UTF8&qid=1409834285&sr=8-1&keywords=157444266X | ||
| 504 | _aIncludes bibliographical references and index. | ||
| 650 | 0 |
_aTotal quality management. _xMIS |
|
| 650 | 0 |
_aTotal quality management _vCase studies. |
|
| 856 | 4 | 2 |
_3Publisher description _uhttp://www.loc.gov/catdir/enhancements/fy0646/99462632-d.html |
| 906 |
_a7 _bcbc _corigcop _d2 _encip _f19 _gy-gencatlg |
||
| 942 |
_2ddc _cBK |
||
| 999 |
_c60440 _d60440 |
||